00826nam a2200241 a 450000100060000000300080000600500170001400800410003102000210007203500190009304000320011204100080014408200220015210000290017424500530020326000500025630000320030650400520033865000290039094200120041999900170043195201360044871217BD-RjUL20211209082105.0170429s1970 nyua b 001 0 eng d a039101150 (pbk.) a(BD-RjUL)71432 aDLCcDLCdVNNdBD-RjULbeng aeng a152223bMIP 19701 aMilner, Peter M.921070300aPhysiological psychology /c[by] Peter M. Milner aLondon :bHolt, Rinehart and Winston,cc1970. ax, 531 p. :bill. ;c26 cm. aIncludes bibliographical references and indexes 0aPsychophysiology9210704 2ddccBK c71217d71217 00102ddc40718NFICaRUCLbRUCLcReadingd1974-12-06eJanatheng350.00l0o152 MIP 1970r2017-04-29 00:00:00tC-1w2017-04-29yBK